Normal view
MARC view
- الاحزاب السياسية - الاردن
Entry Topical Term
001 - CONTROL NUMBER
- control field: 50568
003 - CONTROL NUMBER IDENTIFIER
- control field: JO-AjAnu
005 - DATE AND TIME OF LATEST TRANSACTION
- control field: 20230606082326.0
008 - FIXED-LENGTH DATA ELEMENTS
- fixed length control field: 230606|| aca||aabn | a|a d
040 ## - CATALOGING SOURCE
- Original cataloging agency: JO-AjAnu
- Transcribing agency: JO-AjAnu
150 ## - HEADING--TOPICAL TERM
- Topical term or geographic name entry element: الاحزاب السياسية - الاردن
670 ## - SOURCE DATA FOUND
- Source citation: Work cat.: (JO-AjAnu)25851: سعادة، علي محمد , author 50567, المعارضة الساسية الأردنية في سبعين عاما 1921-1991